00690 2200241 4500001002100000005001500021035002000036007000300056008004100059020002200100082000800122084001400130100002100144245011200165250001000277260004200287300002300329650003400352856001400386990001600400990001600416990001600432INLIS00000000000313120201105112620 a0010-1120000063ta201105 g 0 ind  a978-602-6293-61-9 a658 a658 FAT m0 aFatahullah Jurdi1 aManajemen sumber daya manusia :bstrategi pengelolaan SDM berkualitas dan berdaya saing /cFatahullah Jurdi aCet.1 aMalang. :bIntrans publishing,c2018. axx,286p. ;c23 cm. aManajemen sumber daya manusia aManajemen a00000007001 a00000007002 a00000007001